Bệnh quan trọng của trâu, bò, dê và biện pháp phòng trị
Mô tả các bệnh thường gặp ở động vật nhai lại theo 4 nhóm bệnh truyền nhiễm, bệnh nội khoa, bệnh kí sinh trùng, bệnh sản khoa và các biện pháp phòng trị
Сохранить в:
| Главный автор: | |
|---|---|
| Формат: | |
| Язык: | Vietnamese |
| Опубликовано: |
H.
Khoa học Tự nhiên và Công nghệ
2008
|
| Предметы: | |
| Метки: |
Добавить метку
Нет меток, Требуется 1-ая метка записи!
|
| Thư viện lưu trữ: | Trung tâm Học liệu Lê Vũ Hùng, Trường Đại học Đồng Tháp |
|---|
| LEADER | 01091pam a22002778a 4500 | ||
|---|---|---|---|
| 001 | 00030338 | ||
| 005 | 20171026081023.0 | ||
| 008 | 130121s2008 ||||||viesd | ||
| 020 | |c 23000 | ||
| 041 | 0 | # | |a vie |
| 082 | 1 | 4 | |a 636.2 |b B256Q |
| 100 | 1 | # | |a Trần, Văn Bình |
| 245 | 1 | 0 | |a Bệnh quan trọng của trâu, bò, dê và biện pháp phòng trị |c Trần Văn Bình |
| 260 | # | # | |a H. |b Khoa học Tự nhiên và Công nghệ |c 2008 |
| 300 | # | # | |a 128tr. |c 19cm |
| 520 | # | # | |a Mô tả các bệnh thường gặp ở động vật nhai lại theo 4 nhóm bệnh truyền nhiễm, bệnh nội khoa, bệnh kí sinh trùng, bệnh sản khoa và các biện pháp phòng trị |
| 653 | # | # | |a Bò |
| 653 | # | # | |a Động vật nhai lại |
| 653 | # | # | |a Trâu |
| 653 | # | # | |a Bệnh học |
| 653 | # | # | |a Cách phòng trị |
| 653 | # | # | |a Dê |
| 852 | # | # | |b Kho đọc |j KD.0014338 |
| 852 | # | # | |j KD.0014338 |
| 910 | |d 21/01/2013 | ||
| 980 | # | # | |a Trung tâm Học liệu Lê Vũ Hùng, Trường Đại học Đồng Tháp |